30 câu hỏi đáp về nuôi cá ao nước ngọt

Shranjeno v:
Bibliografske podrobnosti
Glavni avtor: Phạm, Văn Trang
Format: Knjiga
Jezik:Undetermined
Izdano: Hà Nội Nông Nghiệp 2005
Teme:
Oznake: Označite
Brez oznak, prvi označite!
Thư viện lưu trữ: Trung tâm Học liệu Trường Đại học Cần Thơ
LEADER 00590nam a2200205Ia 4500
001 CTU_93326
008 210402s9999 xx 000 0 und d
020 |c 6500 
082 |a 639.31 
082 |b Tr106 
100 |a Phạm, Văn Trang 
245 0 |a 30 câu hỏi đáp về nuôi cá ao nước ngọt 
245 0 |c Phạm Văn Trang, Trần Văn Vỹ 
260 |a Hà Nội 
260 |b Nông Nghiệp 
260 |c 2005 
650 |a Fish,Freshwater fishes 
650 |x Culture 
904 |i M.Loan 
980 |a Trung tâm Học liệu Trường Đại học Cần Thơ